| 000 | nam a22 a 4500 | ||
|---|---|---|---|
| 999 |
_c23291 _d23291 |
||
| 003 | BLK | ||
| 005 | 20230428160723.0 | ||
| 008 | 180413b bul|||||r ||||||| ||bul|| | ||
| 010 | _aKNG00025767000 | ||
| 040 | _aBLK | ||
| 041 |
_aBUL _cBUL |
||
| 080 |
_aОрганизационни форми на търговска дейност - Стокови борси, складове, панаири, базари, лавки, магазини и др. _b339.17 _x(035) _z339.17(035) |
||
| 139 | _aЕлазаров, Симеон и др. | ||
| 245 | 1 | 0 |
_aСправочник по фючърсна търговия _cсъстав. Симеон Елазаров; състав. Васил Симов; състав. Христо Миленков. |
| 257 | _aBGR | ||
| 260 |
_aСофия _bИЦТТ Информа _c1993 |
||
| 300 |
_a80 с. _c21 см |
||
| 380 | _a3 | ||
| 490 | 1 |
_aБорсова търговия _v4 |
|
| 500 | _aСъстав. са отбелязани на гърба на загл. с. - Изд. на Соф. стокова борса. - Офс. изд. - Предм. показалец | ||
| 650 | 4 |
_aСтокова борса _9250942 |
|
| 653 | _aстокови борси | ||
| 700 | 1 |
_aЕлазаров, Симеон _eсъстав. _9266970 |
|
| 700 | 1 |
_aСимов, Васил _eсъстав. _9244921 |
|
| 700 | 1 |
_aМиленков, Христо _eсъстав. _9363904 |
|
| 852 |
_aЦб 174140 _bЦб |
||
| 856 | 4 |
_qpdf _u _i0.00 _ldisable |
|
| 856 | 4 |
_qpdf _u _i0.00 _ldisable |
|
| 942 |
_cKNG _n0 _s1 |
||
| 944 |
_aCR _c05.06.2003 _kКети_Илиева |
||
| 944 |
_aED _c20.06.2005 |
||
| 999 | _d23291 | ||
| 999 | _d23291 | ||
| 999 | _d23291 | ||